Profile: Finnick Odair Quiz Stats

 Plays Quiz Updated Apr 28, 2017

Support Sporcle.
Go Orange.
Score 0/24 Timer 04:00
0 Plays Today
Clue Answer % Correct
Book in which he first appearsCatching Fire
96%
District where he grew up4
94.9%
Convinces this character to form an allianceKatniss Everdeen
84.4%
Saves this tribute's life after his heart stopsPeeta Mellark
83.7%
Falls in love with this former tributeAnnie Cresta
83.3%
Industry of his districtFishing
83.3%
Is taken to this district after the games13
82.2%
Weapon of choiceTrident
81.9%
Is forced into prostitution by this manPresident Snow
80.5%
Another name for the 75th Hunger Games3rd Quarter Quell
79.7%
Design of 75th Hunger Games arenaClock
78.1%
District 3 member of the allianceBeetee
76.4%
Clue Answer % Correct
Mentored byMags
76.2%
District 7 member of the allianceJohanna Mason
75.4%
District 3 member of the alliance (tick tock)Wiress
73.4%
Was victor of the ___ Hunger Games65th
71%
Loses his former mentor to this horrorPoisonous fog
70%
Instead of money, he is paid with thisSecrets
69.7%
Resides in this city after winning Hunger GamesCapitol
69%
Hears his loved one's voice through these creaturesJabberjays
68.2%
Used these to capture other tributesNets
62%
Killed by these creaturesLizard-like muttations
59.1%
Uses this object as a distraction from his painRope
48.3%
Portrayed bySam Claflin
43%

You're not logged in!

Compare scores with friends on all Sporcle quizzes.
OR
Log In
Forgot?

From the Vault

Symmetric Crossword IV

by ml1234567

Just put a mirror in the middle of your screen and there you have it. Symmetry.
Remove Ads.
Support Sporcle.
Get the best of Sporcle when you Go Orange. This ad-free experience offers more features, more stats, and more fun while also helping to support Sporcle. Thank you for becoming a member.

Show Comments

Extras

Top Quizzes Today


Score Distribution

Your Account Isn't Verified!

In order to create a playlist on Sporcle, you need to verify the email address you used during registration. Go to your Sporcle Settings to finish the process.

Report this User

Report this user for behavior that violates our Community Guidelines.

Details: